[Event "GEO-chT Club"]
[Site "Ureki"]
[Date "2014.10.02"]
[Round "6.2"]
[White "Chkhaidze, Nikoloz"]
[Black "Khakhutashvili, Alexandre"]
[Result "1-0"]
[WhiteElo "2227"]
[BlackElo "1809"]
[PlyCount "119"]
[EventDate "2014.09.27"]
[EventType "team-tourn"]
[EventRounds "7"]
[EventCountry "GEO"]
[SourceTitle "CBM 162 Extra"]
[Source "ChessBase"]
[SourceDate "2014.10.17"]
[SourceVersion "1"]
[SourceVersionDate "2014.10.17"]
[SourceQuality "1"]
[WhiteTeam "Guria"]
[BlackTeam "Gori"]
[WhiteTeamCountry "GEO"]
[BlackTeamCountry "GEO"]

1. Nf3 c5 2. c4 Nc6 3. Nc3 e5 4. g3 g6 5. Bg2 Bg7 6. 0-0 Nge7 7. Ne1 0-0 8. Nc2 d6 9. a3 Be6 10. Ne3 Qd7 11. Re1 f5 12. Ned5 Rac8 13. d3 h6 14. Bd2 Kh7 15. b4 g5 16. bxc5 dxc5 17. Rb1 b6 18. f4 exf4 19. gxf4 g4 20. e4 Ng6 21. e5 Nh4 22. Bh1 Nd4 23. Rf1 Qf7 24. Be1 Nhf3+ 25. Bxf3 Nxf3+ 26. Rxf3 gxf3 27. Qxf3 Rg8 28. Kh1 Bh8 29. a4 Rg4 30. Ne3 Rg6 31. Ncd5 Rcg8 32. Bg3 Bd7 33. Qh5 Rf8 34. a5 Bg7 35. axb6 axb6 36. Qe2 Bc6 37. Rxb6 Bxd5+ 38. Nxd5 Rxb6 39. Nxb6 Qb7+ 40. Nd5 Ra8 41. Kg2 Qb1 42. Kh3 Ra2 43. Qf3 Rd2 44. e6 Rxd3 45. Qe2 Bf8 46. e7 Bxe7 47. Qxe7+ Kh8 48. Qf6+ Kh7 49. Qxf5+ Kh8 50. Ne3 Qb3 51. Qf8+ Kh7 52. Qf7+ Kh8 53. Nf5 Qc3 54. Qf8+ Kh7 55. Qxh6+ Kg8 56. Qe6+ Kh7 57. Qe5 Qxe5 58. fxe5 Kg6 59. Nd6 Rd4 60. Kg2 1-0

[Event "GEO-chT Club"]
[Site "Ureki"]
[Date "2014.09.30"]
[Round "4.3"]
[White "Gagunashvili, Merab"]
[Black "Khakhutashvili, Alexandre"]
[Result "1-0"]
[WhiteElo "2573"]
[BlackElo "1809"]
[PlyCount "91"]
[EventDate "2014.09.27"]
[EventType "team-tourn"]
[EventRounds "7"]
[EventCountry "GEO"]
[SourceTitle "CBM 162 Extra"]
[Source "ChessBase"]
[SourceDate "2014.10.17"]
[SourceVersion "1"]
[SourceVersionDate "2014.10.17"]
[SourceQuality "1"]
[WhiteTeam "Kakheti"]
[BlackTeam "Gori"]
[WhiteTeamCountry "GEO"]
[BlackTeamCountry "GEO"]

1. e4 c5 2. Nf3 Nc6 3. Nc3 g6 4. d4 cxd4 5. Nxd4 Bg7 6. Be3 Nf6 7. Bc4 Qa5 8. 0-0 Ng4 9. Nxc6 dxc6 10. Bf4 0-0 11. h3 Ne5 12. Bb3 b5 13. Bd2 Qc7 14. Qc1 Rd8 15. Bh6 Bh8 16. Qf4 Be6 17. Bxe6 fxe6 18. Qg3 Qa5 19. Ne2 Nf7 20. Bf4 Qb4 21. Qb3 Qxe4 22. Rfe1 Qd5 23. Nc3 Qxb3 24. axb3 e5 25. Be3 a6 26. Ra2 Nd6 27. Rea1 Nf5 28. Ne4 Nd4 29. Rxa6 Rxa6 30. Rxa6 Nxc2 31. Bc5 Nd4 32. Bxe7 Rc8 33. b4 Bg7 34. Ra7 Ne6 35. Bd6 Nf4 36. Rxg7+ Kxg7 37. Bxe5+ Kf8 38. Bxf4 Rd8 39. Bd2 Ra8 40. f3 Ke7 41. Kf2 Ra7 42. Ke3 Ke6 43. Kd4 Ra1 44. Ng5+ Kd7 45. Nxh7 Rg1 46. g4 1-0

[Event "GEO-chT Club"]
[Site "Ureki"]
[Date "2014.09.28"]
[Round "2.4"]
[White "Managadze, Nikoloz"]
[Black "Khakhutashvili, Alexandre"]
[Result "1-0"]
[WhiteElo "2458"]
[BlackElo "1809"]
[PlyCount "77"]
[EventDate "2014.09.27"]
[EventType "team-tourn"]
[EventRounds "7"]
[EventCountry "GEO"]
[SourceTitle "CBM 162 Extra"]
[Source "ChessBase"]
[SourceDate "2014.10.17"]
[SourceVersion "1"]
[SourceVersionDate "2014.10.17"]
[SourceQuality "1"]
[WhiteTeam "Kutaisi"]
[BlackTeam "Gori"]
[WhiteTeamCountry "GEO"]
[BlackTeamCountry "GEO"]

1. e4 c5 2. Nf3 Nc6 3. Bb5 g6 4. 0-0 Bg7 5. c3 Nf6 6. Re1 0-0 7. h3 Qc7 8. d4 cxd4 9. cxd4 d5 10. e5 Ne4 11. a3 f5 12. exf6 Bxf6 13. Qb3 e6 14. Bxc6 bxc6 15. Nc3 Rb8 16. Qc2 Nxc3 17. Qxc3 Bd7 18. b4 Qd6 19. Bh6 Rf7 20. Ra2 Rb6 21. Rae2 Bc8 22. Qc1 Bd7 23. Bf4 Qf8 24. Be5 Ra6 25. Bxf6 Rxf6 26. Ne5 Qd6 27. Qg5 Kg7 28. Re3 Bc8 29. Rc1 Rf5 30. Qg3 Rb6 31. Rc5 Rf8 32. Rec3 Bb7 33. Nxc6 Qf4 34. Ne5 Qxd4 35. Rc7+ Kh8 36. Rxh7+ Kxh7 37. Rc7+ Kh8 38. Nxg6+ Kg8 39. Ne5+ 1-0